Chiefs Current Starting Players - Statistics

General Stats
  • This quiz has been taken 89 times
  • The average score is 7 of 23
Answer Stats
Position Jersey Number Player % Correct
QB 15 Patrick Mahomes
100%
TE 87 Travis Kelce
68%
WR 1 Xavier Worthy
54%
DL 95 Chris Jones
51%
WR 4 Rashee Rice
51%
HB 10 Isiah Pacheco
46%
C 52 Creed Humphrey
38%
CB 22 Trent McDuffie
37%
K 7 Harrison Butker
35%
DL 56 George Karlaftis
32%
LB 32 Nick Bolton
30%
RT 74 Jawaan Taylor
29%
LB 23 Drue Tranquill
27%
RG 65 Trey Smith
27%
LT 71 Josh Simmons
25%
SS 6 Bryan Cook
19%
LG 76 Kingsley Suamataia
19%
DT 92 Derrick Nnadi
16%
FS 27 Chamarri Conner
14%
WR 5 Marquise Hollywood Brown
14%
CB 8 Kristian Fulton
8%
DT 99 Jerry Tillery
5%
NT 69 Mike Pennel Jr
0%
No matching quizzes found
Score Distribution
Percent of People with Each Score
Percentile by Number Answered
Your Score History
You have not taken this quiz